Sports Quiz

Random Sports or University Quiz

Western Michigan University Athletic Facilities Quiz Stats

 Plays Quiz not verified by Sporcle

Score 0/12 Timer 05:00
0 Plays Today
Hint Building % Correct
Football StadiumWaldo Stadium
95.2%
Hockey ArenaLawson Ice Arena
92.9%
Multipurpose Facility for StudentsStudent Recreation Center
66.7%
Basketball, Gymnastics, and VolleyballUniversity Arena
47.6%
Football Practice FieldsSeelye Athletic Facility
31%
TrackKanley Track Building
28.6%
Baseball FieldRobert J. Bobb Stadium
21.4%
Tennis(on campus)Sorensen Tennis Courts
19%
Softball FieldEbert_Field
11.9%
Rugby and Flag FootballIntramural Fields
11.9%
Tennis(off campus)West Hills Athletic Club
9.5%
Tower for ROTC studentsRappelling Tower
2.4%

You're not logged in!

Compare scores with friends on all Sporcle quizzes.
OR
Log In

Show Comments

Extras

Top Quizzes Today


Score Distribution

Your Account Isn't Verified!

In order to create a playlist on Sporcle, you need to verify the email address you used during registration. Go to your Sporcle Settings to finish the process.

Report this User

Report this user for behavior that violates our Community Guidelines.

Details: